MARC details
| 000 -BAŞLIK |
| Sabit Uzunluktaki Kontrol Alanı |
02896nam a22007217a 4500 |
| 001 - KONTROL NUMARASI |
| Control Dosyası |
0065173 |
| 003 - KONTROL NUMARASI KİMLİĞİ |
| Kontrol Alanı |
KOHA_MİRAKIL |
| 005 - EN SON İŞLEM TARİHİ ve ZAMANI |
| Kontrol Alanı |
20260207004549.0 |
| 007 - FİZİKSEL TANIM SABİT ALAN - GENEL BİLGİ |
| Sabit uzunluklu kontrol alanı |
ta |
| 008 - SABİT UZUNLUKTAKİ VERİ ÖGELERİ - GENEL BİLGİ |
| Sabit Alan |
191224b2004 ge |||gr||||#0|||0|eng | |
| 020 ## - ISBN - ULUSLARARASI STANDART KİTAP NUMARASI |
| Isbn |
2503515010 |
| 040 ## - KATALOGLAMA KAYNAĞI |
| Özgün Kataloglama Kurumu |
TR-BiSEU |
| Kataloglama Dili |
tur |
| Çeviri Kurumu |
TR-BiSEU |
| Açıklama Kuralları |
rda |
| 041 0# - DİL KODU |
| Metin ya da ses kaydının dil kodu |
eng |
| -- |
mon |
| 044 ## - YAYINLAYAN/ÜRETEN KURULUŞUN ÜLKE KODU |
| ISO country code |
ge |
| 050 ## - SINIFLAMA ve YER NUMARASI |
| Sınıflama Numarası |
BL2370.M7 |
| Yer Numarası |
S27 2004 |
| 100 1# - KİŞİ ADI |
| Yazar Adı (Kişi adı) |
Sárközi, Alice. |
| 245 1# - ESER ADI BİLDİRİMİ |
| Başlık |
Calling the soul of the dead/ |
| Sorumluluk Bildirimi |
Alice Sárközi ; Alice Sárközi, Alexey G. Sazykin ; in collaboration with Tibor Szabo. |
| 264 #1 - ÜRERİM, YAYIN, DAĞITIM ve TELİF BİLDİRİMİ |
| Yayın yeri |
Turnhout, Belgium : |
| Yayınlayan |
Brepols |
| Yayın tarihi |
2004 |
| 300 ## - FİZİKSEL TANIMLAMA |
| Sayfa, Cilt vb. |
VIII, 279 Pages : |
| 300 ## - FİZİKSEL TANIMLAMA |
| Sayfa, Cilt vb. |
illustrated ; |
| Boyutları |
24 cm. |
| 336 ## - İÇERİK TÜRÜ |
| Content type term |
metin |
| Content type code |
txt |
| Source |
rdacontent |
| 337 ## - MEDYA TÜRÜ |
| Media type term |
aracısız |
| Media type code |
n |
| Source |
rdamedia |
| 338 ## - TAŞIYICI TÜRÜ |
| Carrier type term |
cilt |
| Carrier type code |
nc |
| Source |
rdacarrier |
| 490 1# - DİZİ BİLDİRİMİ |
| Dizi Bildirimi |
Silk Road studies ; |
| Cilt Numarası |
IX. |
| 490 1# - DİZİ BİLDİRİMİ |
| Dizi Bildirimi |
Texts of Mongol folk-religion in the St. |
| 490 1# - DİZİ BİLDİRİMİ |
| Dizi Bildirimi |
Petersburg Institute of Oriental Studies ; |
| Cilt Numarası |
1 |
| 500 ## - GENEL NOT |
| Genel Not |
Includes bibliographical references. |
| 500 ## - GENEL NOT |
| Genel Not |
Includes texts in romanized Mongolian with English translations; also includes romanized Tibetan. |
| 650 #0 - KONU BAŞLIĞI EK GİRİŞ - KONU TERİMİ |
| Konusal terim veya coğrafi ad |
Institut vostokovedenii͡a (Rossiĭskai͡a akademii͡a nauk). |
| 9 (RLIN) |
122052 |
| 650 #0 - KONU BAŞLIĞI EK GİRİŞ - KONU TERİMİ |
| Konusal terim veya coğrafi ad |
Sankt-Peterburgskiĭ filial--Manuscripts. |
| 9 (RLIN) |
122053 |
| 650 #0 - KONU BAŞLIĞI EK GİRİŞ - KONU TERİMİ |
| Konusal terim veya coğrafi ad |
Soul. |
| 9 (RLIN) |
27286 |
| 650 #0 - KONU BAŞLIĞI EK GİRİŞ - KONU TERİMİ |
| Konusal terim veya coğrafi ad |
Soul--Manuscripts. |
| 9 (RLIN) |
122054 |
| 650 #0 - KONU BAŞLIĞI EK GİRİŞ - KONU TERİMİ |
| Konusal terim veya coğrafi ad |
Mongols--Rites and ceremonies. |
| 9 (RLIN) |
122055 |
| 650 #0 - KONU BAŞLIĞI EK GİRİŞ - KONU TERİMİ |
| Konusal terim veya coğrafi ad |
Mongols--Rites and ceremonies--Manuscripts. |
| 9 (RLIN) |
122056 |
| 650 #0 - KONU BAŞLIĞI EK GİRİŞ - KONU TERİMİ |
| Konusal terim veya coğrafi ad |
Manuscripts, Mongolian--Russia (Federation)--Saint Petersburg. |
| 9 (RLIN) |
122057 |
| 650 #0 - KONU BAŞLIĞI EK GİRİŞ - KONU TERİMİ |
| Konusal terim veya coğrafi ad |
Demonology--Mongolia--Terminology. |
| 9 (RLIN) |
122058 |
| 650 #0 - KONU BAŞLIĞI EK GİRİŞ - KONU TERİMİ |
| Konusal terim veya coğrafi ad |
Mongols--Religion--Terminology. |
| 9 (RLIN) |
122059 |
| 650 #0 - KONU BAŞLIĞI EK GİRİŞ - KONU TERİMİ |
| Konusal terim veya coğrafi ad |
Demonology. |
| 9 (RLIN) |
122060 |
| 650 #0 - KONU BAŞLIĞI EK GİRİŞ - KONU TERİMİ |
| Konusal terim veya coğrafi ad |
Manuscripts, Mongolian. |
| 9 (RLIN) |
122061 |
| 650 #0 - KONU BAŞLIĞI EK GİRİŞ - KONU TERİMİ |
| Konusal terim veya coğrafi ad |
Mongols--Religion. |
| 9 (RLIN) |
122062 |
| 650 #0 - KONU BAŞLIĞI EK GİRİŞ - KONU TERİMİ |
| Konusal terim veya coğrafi ad |
Mongols--Rites and ceremonies. |
| 9 (RLIN) |
122055 |
| 650 #0 - KONU BAŞLIĞI EK GİRİŞ - KONU TERİMİ |
| Konusal terim veya coğrafi ad |
Mongolia. |
| 9 (RLIN) |
122063 |
| 650 #0 - KONU BAŞLIĞI EK GİRİŞ - KONU TERİMİ |
| Konusal terim veya coğrafi ad |
Russia (Federation)--Saint Petersburg. |
| 9 (RLIN) |
122064 |
| 650 #0 - KONU BAŞLIĞI EK GİRİŞ - KONU TERİMİ |
| Konusal terim veya coğrafi ad |
Manuscripts. |
| 9 (RLIN) |
122065 |
| 650 #0 - KONU BAŞLIĞI EK GİRİŞ - KONU TERİMİ |
| Konusal terim veya coğrafi ad |
Moğollar--Din. |
| 9 (RLIN) |
122066 |
| 650 #0 - KONU BAŞLIĞI EK GİRİŞ - KONU TERİMİ |
| Konusal terim veya coğrafi ad |
Moğollar--Din--Elyazmaları. |
| 9 (RLIN) |
122067 |
| 650 #0 - KONU BAŞLIĞI EK GİRİŞ - KONU TERİMİ |
| Konusal terim veya coğrafi ad |
Ruh. |
| 9 (RLIN) |
51824 |
| 650 #0 - KONU BAŞLIĞI EK GİRİŞ - KONU TERİMİ |
| Konusal terim veya coğrafi ad |
Ruh--El Yazmaları. |
| 9 (RLIN) |
122068 |
| 650 #0 - KONU BAŞLIĞI EK GİRİŞ - KONU TERİMİ |
| Konusal terim veya coğrafi ad |
Moğollar--Ayinler ve törenler. |
| 9 (RLIN) |
122069 |
| 650 #0 - KONU BAŞLIĞI EK GİRİŞ - KONU TERİMİ |
| Konusal terim veya coğrafi ad |
Moğollar--Ayinler ve törenler--Yazılar. |
| 9 (RLIN) |
122070 |
| 650 #0 - KONU BAŞLIĞI EK GİRİŞ - KONU TERİMİ |
| Konusal terim veya coğrafi ad |
El yazmaları, Moğolca--Rusya (Federasyon)--Saint Petersburg. |
| 9 (RLIN) |
122071 |
| 650 #0 - KONU BAŞLIĞI EK GİRİŞ - KONU TERİMİ |
| Konusal terim veya coğrafi ad |
Şeytan Bilimleri--Moğolistan--Terminoloji. |
| 9 (RLIN) |
122072 |
| 650 #0 - KONU BAŞLIĞI EK GİRİŞ - KONU TERİMİ |
| Konusal terim veya coğrafi ad |
Moğollar--Din--Terminoloji. |
| 9 (RLIN) |
122073 |
| 650 #0 - KONU BAŞLIĞI EK GİRİŞ - KONU TERİMİ |
| Konusal terim veya coğrafi ad |
Şeytan Bilimleri. |
| 9 (RLIN) |
122074 |
| 650 #0 - KONU BAŞLIĞI EK GİRİŞ - KONU TERİMİ |
| Konusal terim veya coğrafi ad |
El yazmaları, Moğolca. |
| 9 (RLIN) |
122075 |
| 650 #0 - KONU BAŞLIĞI EK GİRİŞ - KONU TERİMİ |
| Konusal terim veya coğrafi ad |
Rusya (Federasyon)--Saint Petersburg. |
| 9 (RLIN) |
122076 |
| 650 #0 - KONU BAŞLIĞI EK GİRİŞ - KONU TERİMİ |
| Konusal terim veya coğrafi ad |
Elyazmaları. |
| 9 (RLIN) |
122077 |
| 830 1# - SERİ EK GİRİŞİ - TEKBİÇİM ESER ADI |
| Tekbiçim Başlık |
Silk Road studies ; |
| Volume number/sequential designation |
IX. |
| 9 (RLIN) |
122078 |
| 830 1# - SERİ EK GİRİŞİ - TEKBİÇİM ESER ADI |
| Tekbiçim Başlık |
Texts of Mongol folk-religion in the St. |
| 9 (RLIN) |
122079 |
| 830 1# - SERİ EK GİRİŞİ - TEKBİÇİM ESER ADI |
| Tekbiçim Başlık |
Petersburg Institute of Oriental Studies ; |
| Volume number/sequential designation |
1 |
| 9 (RLIN) |
122080 |
| 907 ## - LOCAL DATA ELEMENT G, LDG (RLIN) |
| a |
Din |
| 942 ## - EK GİRİŞ ÖGELERİ (KOHA) |
| Source of classification or shelving scheme |
Library of Congress Classification |
| Koha item type |
Book |